000 00623nam a2200181 i 4500
001 75481
003 ES-MaACL
005 20230906172454.0
007 t|
008 040924s1883 sp ||||1| spa d
110 2 _aGrasselli, E.
_9140486
245 1 0 _aCatálogo de óptica /
_cE. Grasselli, óptico de S. M., 5 calle de la Montera, 5.
260 _aMadrid :
_b[s.n.],
_c1883 (
_fImp. y fund. de Manuel Tello)
300 _a46 p. :
_bil. ;
_c18 cm.
594 _aPrecede al tít.: Antigua Casa Grasselli y Zambra, fundada en 1840.
650 _aÓptica-
_xAparatos e instrumentos.
_9151723
852 _aES-MaACL
_jT-399-F-8
999 _c75481
_d75481